[Event "Lisbon Christmas op"]
[Site "Lisbon"]
[Date "2014.12.28"]
[Round "5"]
[White "Ferreira, Miguel"]
[Black "Veiga, Jose Francisco RP"]
[Result "1-0"]
[WhiteElo "1963"]
[BlackElo "1779"]
[PlyCount "113"]
[EventDate "2014.12.26"]
[EventType "swiss"]
[EventRounds "9"]
[EventCountry "POR"]
[SourceTitle "EXT 2018"]
[Source "ChessBase"]
[SourceDate "2017.10.13"]
[SourceVersion "1"]
[SourceVersionDate "2017.10.13"]
[SourceQuality "1"]

1. d4 f5 2. Nf3 Nf6 3. Bf4 g6 4. e3 Bg7 5. Be2 0-0 6. c3 d6 7. Nbd2 c6 8. Ng5 h6 9. Qb3+ Nd5 10. Ngf3 Kh7 11. h4 Qc7 12. 0-0-0 e5 13. dxe5 dxe5 14. Bh2 Be6 15. Bc4 Nd7 16. e4 Nc5 17. Qc2 fxe4 18. Nxe4 Nxe4 19. Qxe4 Bf5 20. Qe2 Nf4 21. Bxf4 exf4 22. Ng5+ Kh8 23. Ne6 Bxe6 24. Qxe6 f3 25. g3 Rf6 26. Rd7 Rxe6 27. Rxc7 Rd6 28. Re1 Bf6 29. Re3 Rad8 30. Rxf3 b5 31. Bb3 Re8 32. Re3 Rxe3 33. fxe3 Be5 34. g4 Bg3 35. Rxa7 Bxh4 36. a4 Bg5 37. Ra8+ Kg7 38. a5 Bxe3+ 39. Kc2 Kf6 40. Re8 Bc5 41. a6 Rd7 42. Re6+ Kg7 43. Rxc6 Ba7 44. Be6 Re7 45. Kb3 Bc5 46. Rxc5 Rxe6 47. a7 Ra6 48. Rc7+ Kf6 49. Kb4 Kg5 50. Kxb5 Ra2 51. b4 Kxg4 52. Kb6 h5 53. Kb7 h4 54. a8Q Rxa8 55. Kxa8 h3 56. b5 h2 57. Rh7 1-0

[Event "Lisbon Christmas op"]
[Site "Lisbon"]
[Date "2014.12.28"]
[Round "4"]
[White "Medarde Santiago, Luis Marcos"]
[Black "Ferreira, Miguel"]
[Result "1-0"]
[WhiteElo "2212"]
[BlackElo "1963"]
[PlyCount "112"]
[EventDate "2014.12.26"]
[EventType "swiss"]
[EventRounds "9"]
[EventCountry "POR"]
[SourceTitle "EXT 2018"]
[Source "ChessBase"]
[SourceDate "2017.10.13"]
[SourceVersion "1"]
[SourceVersionDate "2017.10.13"]
[SourceQuality "1"]

1. e4 c6 2. Nf3 d5 3. Nc3 dxe4 4. Nxe4 Nf6 5. Nxf6+ gxf6 6. d4 Bf5 7. Bd3 Bg6 8. c3 Nd7 9. Nh4 Nb6 10. Nxg6 hxg6 11. Qb3 Qd6 12. h3 Bh6 13. Bxh6 Rxh6 14. 0-0-0 e6 15. Kb1 0-0-0 16. Be4 Rh5 17. c4 c5 18. dxc5 Qxc5 19. Bxb7+ Kc7 20. Rxd8 Kxd8 21. Rd1+ Ke7 22. Qd3 Kf8 23. Qd4 Nxc4 24. Qxf6 Qf5+ 25. Qxf5 Rxf5 26. b3 Nb6 27. f3 Ke7 28. Kb2 Kf6 29. a4 Ke5 30. a5 Nd5 31. Bxd5 exd5 32. Kc3 Kf4 33. Kd4 Kg3 34. Rd2 f6 35. Rb2 Rf4+ 36. Kxd5 Rf5+ 37. Ke6 Rxa5 38. Kxf6 g5 39. Ke6 Rb5 40. Kd6 a6 41. Ke6 a5 42. Kf6 a4 43. b4 Kf4 44. Ke6 Kg3 45. Kf6 Kf4 46. Kg6 Rb6+ 47. Kh5 Rb5 48. g4 Kxf3 49. Ra2 Rxb4 50. Kxg5 Rb5+ 51. Kh6 Rb6+ 52. Kh5 Ra6 53. g5 a3 54. g6 Kg3 55. g7 Ra5+ 56. Kh6 Ra8 1-0

[Event "Gaia Profigaia op 6th"]
[Site "Vila Nova de Gaia"]
[Date "2013.07.10"]
[Round "7.15"]
[White "Ferreira, Miguel"]
[Black "Dias, Ivo Rodrigues"]
[Result "0-1"]
[WhiteElo "1972"]
[BlackElo "1874"]
[PlyCount "124"]
[EventDate "2013.07.06"]
[EventType "swiss"]
[EventRounds "9"]
[EventCountry "POR"]
[SourceTitle "EXT 2015"]
[Source "ChessBase"]
[SourceDate "2014.11.20"]
[SourceVersion "1"]
[SourceVersionDate "2014.11.20"]
[SourceQuality "1"]

1. d4 Nf6 2. Nf3 g6 3. Bf4 Bg7 4. e3 0-0 5. Be2 d6 6. h3 Nc6 7. a4 Nd7 8. c3 e5 9. Bh2 f5 10. 0-0 g5 11. Nfd2 f4 12. Ne4 Qe7 13. d5 Nd8 14. Nbd2 h6 15. Bg4 Kh8 16. Qe2 a5 17. c4 b6 18. Nc3 Ba6 19. e4 Nf6 20. Nb5 Qf7 21. Bf5 h5 22. Nf3 Bh6 23. g4 Bc8 24. Nd2 Nb7 25. f3 Nc5 26. Kg2 Bxf5 27. exf5 hxg4 28. hxg4 Rae8 29. Bg1 e4 30. Bxc5 exf3+ 31. Qxf3 dxc5 32. Rae1 Bg7 33. Re6 Kg8 34. Qh3 Rxe6 35. dxe6 Qe7 36. Nc3 Rd8 37. Ndb1 Rd4 38. b3 Qd8 39. Qf3 Rd3 40. Rd1 Rxd1 41. Nxd1 Qd4 42. Nbc3 Qd2+ 43. Kf1 Qd4 44. Nb5 Qd8 45. Nf2 Kh7 46. Qc6 Nxg4 47. Nxg4 Qd1+ 48. Kf2 Qd2+ 49. Kg1 Qd1+ 50. Kh2 Qxg4 51. Qg2 Qxf5 52. Nxc7 g4 53. Qh1 Qh5+ 54. Kg1 Bd4+ 55. Kg2 f3+ 56. Kg3 Be5+ 57. Kf2 g3+ 58. Ke3 Qxh1 59. e7 Bd4+ 60. Kf4 f2 61. e8Q f1Q+ 62. Kg4 Qhh3+ 0-1

[Event "Gaia Profigaia op 6th"]
[Site "Vila Nova de Gaia"]
[Date "2013.07.08"]
[Round "5.14"]
[White "Ferreira, Miguel"]
[Black "Brandao, Alvaro"]
[Result "1-0"]
[WhiteElo "1972"]
[BlackElo "1661"]
[PlyCount "103"]
[EventDate "2013.07.06"]
[EventType "swiss"]
[EventRounds "9"]
[EventCountry "POR"]
[SourceTitle "EXT 2015"]
[Source "ChessBase"]
[SourceDate "2014.11.20"]
[SourceVersion "1"]
[SourceVersionDate "2014.11.20"]
[SourceQuality "1"]

1. d4 Nf6 2. Nf3 d5 3. Bf4 g6 4. e3 Bg7 5. Bd3 0-0 6. Nbd2 b6 7. c3 Ba6 8. Bxa6 Nxa6 9. Ne5 Nb8 10. 0-0 Nh5 11. Ndf3 Nxf4 12. exf4 f6 13. Nd3 Qd7 14. Re1 Bh6 15. Qe2 Kf7 16. Nfe5+ fxe5 17. Nxe5+ Kg7 18. Nxd7 Nxd7 19. Qb5 Nf6 20. Rxe7+ Rf7 21. Rxf7+ Kxf7 22. g3 Bf8 23. Re1 Bd6 24. Qc6 Rd8 25. f3 Rd7 26. b4 a5 27. bxa5 bxa5 28. Qb5 Rd8 29. Rb1 Re8 30. Kf2 Ra8 31. Qb7 Re8 32. Qa7 Nd7 33. Qxa5 Nb6 34. Rxb6 cxb6 35. Qxd5+ Re6 36. Qb7+ Be7 37. d5 Rd6 38. c4 Kf8 39. Ke3 Rf6 40. Ke4 Bc5 41. Qxh7 Bf2 42. Ke5 Rf7 43. Qh8+ Ke7 44. Qc8 Rf5+ 45. Ke4 Rf6 46. Qc7+ Kf8 47. Qd8+ Kf7 48. Qd7+ Kf8 49. d6 Rf7 50. Qc7 Bc5 51. d7 Re7+ 52. Kd5 1-0

[Event "Gaia Profigaia op 6th"]
[Site "Vila Nova de Gaia"]
[Date "2013.07.06"]
[Round "2.13"]
[White "Fernandes, Claudio Micael Sous"]
[Black "Ferreira, Miguel"]
[Result "1-0"]
[WhiteElo "1616"]
[BlackElo "1972"]
[PlyCount "65"]
[EventDate "2013.07.06"]
[EventType "swiss"]
[EventRounds "9"]
[EventCountry "POR"]
[SourceTitle "EXT 2015"]
[Source "ChessBase"]
[SourceDate "2014.11.20"]
[SourceVersion "1"]
[SourceVersionDate "2014.11.20"]
[SourceQuality "1"]

1. e4 c6 2. d4 d5 3. exd5 cxd5 4. Bd3 Nf6 5. c3 Bg4 6. Qb3 Qc7 7. Ne2 Nc6 8. Bf4 Qd7 9. Ng3 Nh5 10. Nxh5 Bxh5 11. 0-0 e6 12. a4 Bg6 13. Be2 Be7 14. a5 a6 15. Nd2 0-0 16. Qd1 Bd6 17. Bxd6 Qxd6 18. Nb3 Qc7 19. Bd3 b6 20. axb6 Qxb6 21. Bxg6 hxg6 22. Ra2 Rfc8 23. Nc5 e5 24. Nd7 Qc7 25. Nxe5 Nxe5 26. dxe5 Qxe5 27. Re1 Qd6 28. Qa4 Rc6 29. Raa1 Rb8 30. Rad1 Qf6 31. Rd3 Re6 32. Ree3 Rxb2 33. Qe8+ 1-0

[Event "POR Honra"]
[Site "Vila Nova de Gaia"]
[Date "2011.06.12"]
[Round "9"]
[White "Ferreira, Miguel"]
[Black "Godinho, Marques Pedro"]
[Result "0-1"]
[WhiteElo "1905"]
[BlackElo "1864"]
[PlyCount "45"]
[EventDate "2011.06.05"]
[EventType "tourn"]
[EventRounds "9"]
[EventCountry "POR"]
[SourceTitle "CBM 142 Extra"]
[Source "ChessBase"]
[SourceDate "2011.06.27"]
[SourceVersion "1"]
[SourceVersionDate "2011.06.27"]
[SourceQuality "1"]

1. d4 d5 2. Nf3 e6 3. Bf4 Nf6 4. e3 Nh5 5. Be5 Nf6 6. Bd3 Nbd7 7. Bg3 Nh5 8. c3 Nxg3 9. hxg3 g6 10. Nbd2 Bg7 11. Qc2 c6 12. 0-0-0 b6 13. Rh2 Bb7 14. Rdh1 Nf8 15. Ne5 Qc7 16. Ndf3 0-0-0 17. Qa4 f6 18. Nxg6 Nxg6 19. Rxh7 Rxh7 20. Rxh7 Nf8 21. Rh4 Kb8 22. g4 Qf7 23. Qc2 0-1

[Event "POR Honra"]
[Site "Vila Nova de Gaia"]
[Date "2011.06.08"]
[Round "4"]
[White "Ferreira, Miguel"]
[Black "Margarido, Ricardo Emanuel Tor"]
[Result "1/2-1/2"]
[WhiteElo "1905"]
[BlackElo "1975"]
[PlyCount "113"]
[EventDate "2011.06.05"]
[EventType "tourn"]
[EventRounds "9"]
[EventCountry "POR"]
[SourceTitle "CBM 142 Extra"]
[Source "ChessBase"]
[SourceDate "2011.06.27"]
[SourceVersion "1"]
[SourceVersionDate "2011.06.27"]
[SourceQuality "1"]

1. d4 c5 2. e3 e6 3. Nf3 Nf6 4. Nbd2 Nc6 5. b3 d5 6. Bb2 Qb6 7. c4 cxd4 8. exd4 Be7 9. Rc1 0-0 10. Bd3 Rd8 11. c5 Qc7 12. Ne5 Ne4 13. Nxc6 Qxc6 14. Nxe4 dxe4 15. Qg4 f5 16. Qg3 exd3 17. 0-0 Qd5 18. Rfd1 Bf6 19. Rxd3 a5 20. h4 Qe4 21. Re3 Qxh4 22. Qc7 Rd7 23. Qb6 Bxd4 24. Qxe6+ Rf7 25. Qc4 Bd7 26. Bxd4 f4 27. Rec3 Qg5 28. Re1 Bc6 29. f3 Raf8 30. Re5 Qh4 31. Bf2 Qf6 32. Re6 Qf5 33. Rd3 Kh8 34. Red6 h6 35. Qe6 Qg5 36. Bd4 Bb5 37. Rc3 Kh7 38. Qe4+ Kg8 39. Rg6 Qe7 40. Re6 Qg5 41. Rg6 Qh4 42. Rg4 Qd8 43. Qe5 Qd7 44. Qd6 Qxd6 45. cxd6 g5 46. Rc5 Bd7 47. Rxa5 Bxg4 48. fxg4 Rc8 49. Kf2 Rc6 50. Kf3 Rd7 51. Be5 Kf7 52. Ra8 Ra6 53. Rh8 Kg6 54. Ke4 Rxa2 55. Rg8+ Kh7 56. Rc8 Kg6 57. Rg8+ 1/2-1/2

[Event "Burgas op 17th"]
[Site "Ourense"]
[Date "2008.07.11"]
[Round "9"]
[White "Cid Liston, Ramon"]
[Black "Ferreira, Miguel"]
[Result "0-1"]
[WhiteElo "1517"]
[BlackElo "1807"]
[PlyCount "70"]
[EventDate "2008.07.03"]
[EventType "swiss"]
[EventRounds "9"]
[EventCountry "ESP"]
[SourceTitle "CBM 125 Extra"]
[Source "ChessBase"]
[SourceDate "2008.09.01"]
[SourceVersion "1"]
[SourceVersionDate "2008.09.01"]
[SourceQuality "1"]

1. d4 d5 2. Nf3 Nf6 3. g3 Bf5 4. Bg2 e6 5. Nbd2 Bd6 6. Nh4 Bg4 7. c3 c6 8. Qb3 Qc7 9. 0-0 Bxe2 10. Re1 Bh5 11. f4 0-0 12. f5 Bg4 13. fxe6 Bxe6 14. Nhf3 Nbd7 15. Ng5 Bf5 16. Ndf3 Rab8 17. Nh4 Bg4 18. Qc2 h6 19. Nh3 Bxh3 20. Bxh3 Bxg3 21. Qg2 Bxh4 22. Bxh6 Nh5 23. Rf1 Kh8 24. Rf5 gxh6 25. Rxh5 Qf4 26. Rf1 Qe3+ 27. Kh1 Rg8 28. Rf3 Qe1+ 29. Qf1 Rbd8 30. Rxh6+ Kg7 31. Rxh4 Qxh4 32. Rxf7+ Kh6 33. Qc1+ Rg5 34. Re7 Qxh3 35. Re6+ Qxe6 0-1

[Event "Burgas op 17th"]
[Site "Ourense"]
[Date "2008.07.03"]
[Round "1"]
[White "Garcia Castro, Pablo"]
[Black "Ferreira, Miguel"]
[Result "1-0"]
[WhiteElo "2390"]
[BlackElo "1807"]
[PlyCount "55"]
[EventDate "2008.07.03"]
[EventType "swiss"]
[EventRounds "9"]
[EventCountry "ESP"]
[SourceTitle "CBM 125 Extra"]
[Source "ChessBase"]
[SourceDate "2008.09.01"]
[SourceVersion "1"]
[SourceVersionDate "2008.09.01"]
[SourceQuality "1"]

1. g3 d5 2. Bg2 e5 3. d3 Bc5 4. Nf3 Nd7 5. a3 a5 6. b3 Ngf6 7. Bb2 Qe7 8. e3 c6 9. c4 0-0 10. cxd5 Nxd5 11. 0-0 Re8 12. Re1 Bd6 13. Nbd2 Nc5 14. Qc2 b5 15. e4 Nc7 16. d4 Nd7 17. Qxc6 exd4 18. e5 Nxe5 19. Nxe5 Bxe5 20. f4 Ra6 21. Qc1 Qd6 22. fxe5 Rxe5 23. Rxe5 Qxe5 24. Nf3 Qe3+ 25. Qxe3 dxe3 26. Rc1 Ra7 27. Bd4 Rb7 28. Ne1 1-0